000 00568nam a2200229 a 4500
003 AR-BaBNM
005 20251128204701.0
008 082120s2002 ||||||||||||||000 | spa||
020 _a950-843-052-4
040 _cAR-BaBNM
100 1 _aLerner Emmer, Laura
245 0 0 _aPuerto Piel
260 _aBuenos Aires
_bVinciguerra
_c1994
300 _a70 p.
650 4 _aLITERATURA ARGENTINA
650 4 _aLITERATURA CONTEMPORANEA
653 _aPOESIA EROTICA
655 _aLITERATURA
700 1 _aBornemann, Elsa
_eprologuista
942 _cBK
998 _cMARTIN
999 _c8405
_d8405